| 000 | 00473nam a22001577a 4500 | ||
|---|---|---|---|
| 999 |
_c11861 _d11861 |
||
| 008 | 210113b ||||| |||| 00| 0 eng d | ||
| 020 | _a0881321958 | ||
| 082 | 0 | 0 |
_a338.9 _bW7291 |
| 245 | 1 | 0 |
_aThe political economy of policy reform / _cedited by John Williamson |
| 250 | _a1st ed. | ||
| 260 |
_aWshington: _bInstitute for international economics, _c 1944. |
||
| 300 | _ax, 601 p. | ||
| 650 | 0 | _aEconomic Policy | |
| 700 |
_94149 _aWilliamson, John _eeditor |
||
| 942 | _cBK | ||